01348nam a2200253 a 450000100100000000500170001000800410002704000250006810000410009324500800013426000690021430000200028349000690030349000270037283000730039983000200047204900090049295201200050195201200062195201200074195201050086195201110096699900170107700002912620250924073803.0110413s1986 dr 000 0 spa d aDO-SdBNPbspacBNPHU1 aSánchez Martínez, Fernando9718310aRespuesta a un editorial de última hora /cFernando Sánchez Martínez. aSanto Domingo :bUniversidad Autónoma de Santo Domingo,c1986. a11 p. ;c21 cm.1 aPublicaciones de la Universidad Autónoma de Santo Domingov4961 aUASD críticavno. 32 aPublicaciones de la Universidad Autónoma de Santo Domingov496952 0aUASDn32956036 aBNPD 001054708DSaGRbGRcCTd2011-04-13iLF1l0o p29126-30r2020-06-25te. 3w2020-06-25yLFDSZPréstamo en sala 001054708DSaGRbGRcCTd2011-04-13iLF1l0o p29126-40r2020-06-25te. 4w2020-06-25yLFDSZPréstamo en sala 001054708DSaGRbGRcCTd2011-04-27iLF1l0o p29126-50r2020-06-25te. 5w2020-06-25yLFDSZPréstamo en sala 0010718PDaPDbPDcCTd2011-04-13iLF1l0o p29126-10r2020-06-25w2020-06-25yLFPDZNo se presta 0010718PDaPDbPDcCTd2011-04-13iLF1l0o p29126-20r2020-06-25te. 2w2020-06-25yLFPDZNo se presta c28618d28618